Between times : hotel Transvaal catalyzing urban transformation /

Bibliographic Details
Other Authors: Lindemann, Sabrina, Schutten, I. (Iris)
Format: Book
Language:English
Published: Amsterdam : SUN Trancity, [2010]
Subjects:

MARC

Tag First Indicator Second Indicator Subfields
LEADER 00000cam a2200000Ma 4500
001 in00002663921
005 20151202121234.0
008 091128s2010 ne ab b 000 0 eng d
010 |a  2010512135 
020 |a 9789085068181 (pbk.) 
020 |a 9085068185 (pbk.) 
029 1 |a AU@  |b 000046079376 
029 1 |a NLGGC  |b 320323277 
035 |a (OCoLC)ocn664095705 
035 |a (OCoLC)664095705 
040 |a CaONFJC  |c STF  |d DLC  |d YDXCP  |d BWX  |d CDX  |d UtOrBLW 
043 |a e-ne--- 
049 |a TXAM 
050 4 |a HT178.N42  |b B48 2010 
082 0 4 |a 711  |2 22 
245 0 0 |a Between times :  |b hotel Transvaal catalyzing urban transformation /  |c editors, Sabrina Lindemann, Iris Schutten. 
264 1 |a Amsterdam :  |b SUN Trancity,  |c [2010] 
264 4 |c ©2010 
300 |a 264 pages :  |b color illustrations, maps (some color) ;  |c 23 cm. 
336 |a text  |b txt  |2 rdacontent 
337 |a unmediated  |b n  |2 rdamedia 
338 |a volume  |b nc  |2 rdacarrier 
504 |a Includes bibliographical references. 
650 0 |a Urban renewal  |z Netherlands  |z Hague. 
650 0 |a Urban renewal  |x Social aspects. 
700 1 |a Lindemann, Sabrina. 
700 1 |a Schutten, I.  |q (Iris) 
938 |a YBP Library Services  |b YANK  |n 100550036 
938 |a Blackwell Book Service  |b BBUS  |n 100550036 
938 |a Coutts Information Services  |b COUT  |n 11232362 
947 |a A14840403106 
945 |a PromptCat  |b 338159 
946 |a stk 
994 |a 92  |b TXA 
999 |a MARS 
999 f f |s a5f6a077-f37a-34d7-b708-85739399627d  |i c0c773f3-54d8-3b15-9f84-7acb6e4fbc22  |t 0 
952 f f |p normal  |a Texas A&M University  |b College Station  |c Sterling C. Evans Library  |d Evans: Library Stacks  |t 0  |e HT178.N42 B48 2010  |h Library of Congress classification  |i unmediated -- volume  |m A14840403106 
998 f f |a HT178.N42 B48 2010  |t 0  |l Evans: Library Stacks